000 00549cam a22002171 4500
001 sa 64006004
003 DLC
005 20260227112036.0
008 890621s1963 ii 000 0 hino
010 _asa 64006004
035 _a(OCoLC)19907768
040 _aDLC
_cWaU
_dDLC
042 _apremarc
050 0 0 _aPK1947.9.M3
_bP3 1963
100 0 _aMalik Muhammad Jayasi,
_dactive 1540.
245 1 0 _aPadmāvata.
260 _c[1963]
300 _a9, 52, 597 p.
_c23 cm.
500 _aIn Hindi.
700 1 _aGupta, Mātāprasāda,
_d1909-1969.
999 _c59463
_d59463